Sentence skills : (Record no. 5632)

MARC details
000 -LEADER
fixed length control field 00485cam a22001694a 4500
020 ## - INTERNATIONAL STANDARD BOOK NUMBER
ISBN 0072381329 (student ed.)
050 00 - CALL NUMBER
Classification number PE1441
Item number .L352
100 1# - AUTHOR
Personal name Langan, John,
245 10 - TITLE
Title Sentence skills :
Remainder of title a workbook for writers : form A /
Statement of responsibility, etc John Langan.
250 ## - EDITION
Edition statement 7th ed.
260 ## - PUBLICATION INFORMATION
Place of publication Boston :
Name of publisher McGraw-Hill,
Year of publication c2003.
300 ## - DESCRIPTION
Number of Pages xvii, 599 p. ;
Dimensions 23 cm.
500 ## - NOTES
General note Includes index.
650 #0 - SUBJECTS
Topical Term English language
General subdivision Sentences
650 #0 - SUBJECTS
Topical Term English language
General subdivision Grammar
942 ## - ADDED ENTRY ELEMENTS (KOHA)
Koha item type Books
Holdings
Withdrawn status Lost status Home library Current library Date acquired Full call number Accession Number Koha item type Shelving location Collection code
    Methodist University Library Main Methodist University Library Main 09/04/2008 PE1441 .L352 29674 Books General Stacks  
    Methodist University Library Main Methodist University Library Main 09/04/2008 PE1441 .L352 29677 Books General Stacks  
    Methodist University Library Main Methodist University Library Main 09/04/2008 PE1441 .L352 29672 Books General Stacks  
    Methodist University Library Main Methodist University Library Main 09/04/2008 PE1441 .L352 29673 Books General Stacks  
    Methodist University Library Main Methodist University Library Main 09/04/2008 PE1441 .L352 29671 Books General Stacks Reference
    Methodist University Library Wenchi Faculty Methodist University Library Wenchi Faculty 09/07/2019 PE1441 .L352 21915 Books    
    Methodist University Library Wenchi Faculty Methodist University Library Wenchi Faculty 09/07/2019 PE1441 .L352 29675 Books    
    Methodist University Library Wenchi Faculty Methodist University Library Wenchi Faculty 09/07/2019 PE1441 .L352 29679 Books    
Copyright © 2026  MUG Library